[Event "4th Paleohora Open"]
[Site "Paleochora GRE"]
[Date "2011.07.20"]
[Round "1"]
[White "Nikolov,Mo"]
[Black "Sidiropoulos,N2"]
[Result "1-0"]
[WhiteElo "2589"]
[BlackElo "1899"]

1.d4 Nf6 2.Bg5 c5 3.Bxf6 exf6 4.Nc3 Nc6 5.Nf3 cxd4 6.Nxd4 d5 7.e3 a6 8.Be2 Bc5
9.O-O Nxd4 10.exd4 Bb4 11.Qd3 Bxc3 12.Qxc3 O-O 13.Qb3 Qc7 14.c3 Be6 15.a4 Rfe8
16.Bf3 Qd7 17.a5 g5 18.Ra4 g4 19.Bd1 Bf5 20.Bc2 Bxc2 21.Qxc2 Re7 22.Rb4 Rae8
23.Rb6 Re1 24.g3 R8e2 25.Qd3 Qa4 26.Rxb7 Rxf1+ 27.Kxf1 Rc2 28.Kg2 Rc1 29.Qe2 h5
30.Qe7  1-0

[Event "Czech Open G Rapid"]
[Site "Pardubice CZE"]
[Date "2011.07.20"]
[Round "1.12"]
[White "Chernyshov,K"]
[Black "Voynov,S"]
[Result "0-1"]
[WhiteElo "2552"]
[BlackElo "2183"]

1.d4 Nf6 2.Bg5 d5 3.e3 g6 4.Bxf6 exf6 5.c4 dxc4 6.Bxc4 Bg7 7.Qa4+ c6 8.Qa3 Nd7
9.Qd6 Qb6 10.Bb3 Bf8 11.Qf4 Bg7 12.Qe4+ Kf8 13.Nc3 f5 14.Qf4 Bf6 15.Nf3 Kg7
16.O-O h6 17.e4 Nf8 18.e5 Be7 19.d5 Qb4 20.Qc1 Bd7 21.Rd1 Rc8 22.Rd4 Qa5
23.e6 fxe6 24.dxe6 Bxe6 25.Bxe6 Nxe6 26.Qe3 Nxd4 27.Qxe7+ Kg8 28.Nxd4 Qc7
29.Qe6+ Kh7 30.Re1 Rhe8 31.Qxe8 Rxe8 32.Rxe8 Qd7 33.Rb8 Qxd4 34.Rxb7+ Kg8
35.g3 f4 36.Kg2 g5 37.g4 a5 38.a4 Qc4 39.h3 Qd3 40.Ra7 f3+ 41.Kg3 Qf1 42.Kxf3 Qxh3+
43.Ke2 Qxg4+ 44.Ke3 Qf4+ 45.Ke2 Qb4 46.Nd1 Qc4+ 47.Ke1 Qxa4 48.Rb7 Qe4+ 49.Ne3 a4
50.Ke2 c5 51.Rb5 Qd4 52.Rb8+ Kf7 53.Rb7+ Ke8 54.Kf3 h5 55.Ra7 Qf6+ 56.Kg2 Qb6
57.Ra8+ Kf7 58.Rxa4 Qc6+  0-1

[Event "Najdorf Memorial"]
[Site "Warsaw POL"]
[Date "2011.07.20"]
[Round "7.39"]
[White "Lindborg,Pe"]
[Black "Tomaszewska,L"]
[Result "1-0"]
[WhiteElo "2179"]
[BlackElo "1993"]

1.d4 Nf6 2.Bg5 c5 3.Bxf6 gxf6 4.d5 Qb6 5.Qc1 f5 6.c4 Bg7 7.Nc3 d6 8.e3 Na6
9.Bd3 Rg8 10.Nge2 Bd7 11.a3 O-O-O 12.Qc2 e6 13.O-O Be5 14.f4 Bf6 15.e4 Bd4+
16.Kh1 fxe4 17.Bxe4 Rg7 18.dxe6 fxe6 19.f5 Bc6 20.fxe6 Rdg8 21.g3 Nc7 22.Nxd4 cxd4
23.Nd5 Bxd5 24.cxd5 Kb8 25.Qf2 h5 26.b4 a6 27.Rad1 Nb5 28.a4 h4 29.gxh4 Nc3
30.Rde1 Qxb4 31.Bf3 Qxa4 32.Rg1 d3 33.Rxg7 Rxg7 34.e7 Rg8 35.Qg3 Re8 36.Qxd6+ Ka8
37.Qh6 Ne2 38.d6 Qb4 39.Rd1 Qa4 40.Qd2 Rh8 41.Qxd3  1-0

[Event "XXIX Andorra Open"]
[Site "Arinsal AND"]
[Date "2011.07.21"]
[Round "6.8"]
[White "Wegerle,J"]
[Black "Marin,Mi"]
[Result "1/2-1/2"]
[WhiteElo "2446"]
[BlackElo "2548"]

1.d4 Nf6 2.Bg5 c5 3.Bxf6 gxf6 4.d5 Qb6 5.Qc1 f5 6.c4 Bg7 7.Nc3 d6 8.e3 Nd7
9.Qc2 e5 10.Rb1 Nf6 11.Bd3 e4 12.Be2 Bd7 13.Nh3 Qd8 14.Nf4 Qe7 15.a3 Rc8
16.h3 Qe5 17.Rg1 Rg8 18.g3 Ke7 19.Kd2 a6 20.a4 a5 21.Rbf1 Kd8 22.Kc1 Kc7
23.Kb1 Kb8 24.Ka2 Ne8 25.Bh5 Qe7 26.Nb5 Be5 27.Ng2 Nc7 28.Nxc7 Kxc7 29.Bd1 Ra8
30.Nf4 Ra6 31.Ne2 Rb6 32.Nc3 Rb4 33.b3 Qf6 34.Nb5+ Kb6 35.Be2 Rc8 36.Rb1 Bxb5
37.cxb5 Qh6 38.h4 Bh8 39.Bc4 Qf6 40.Qb2 Rxc4 41.bxc4 Qxb2+ 42.Rxb2 Bxb2 43.Kxb2 h5  1/2-1/2

[Event "16th Balaguer Open"]
[Site "Balaguer ESP"]
[Date "2011.07.21"]
[Round "5"]
[White "Juan Bartroli,Pau"]
[Black "Gensana Berzunces,J"]
[Result "1-0"]
[WhiteElo "1860"]
[BlackElo "2013"]

1.d4 Nf6 2.Bg5 d5 3.Bxf6 exf6 4.e3 Bd6 5.c4 O-O 6.Nc3 dxc4 7.Bxc4 c6 8.Qc2 Be6
9.Bd3 g6 10.Nf3 f5 11.h4 Re8 12.h5 Bf8 13.hxg6 fxg6 14.O-O-O Qf6 15.g4 fxg4
16.Ne5 Bf5 17.e4 Bc8 18.Kb1 Bd6 19.Nxg6 hxg6 20.e5 Qf4 21.Bxg6 Bxe5 22.dxe5 Be6
23.Ka1 Bf7 24.e6 Rxe6 25.Rd8+ Re8 26.Rxe8+  1-0

[Event "13th Sant Marti Open"]
[Site "Barcelona ESP"]
[Date "2011.07.21"]
[Round "9"]
[White "Rojas Keim,L"]
[Black "Duran,R"]
[Result "1-0"]
[WhiteElo "2438"]
[BlackElo "2098"]

1.d4 Nf6 2.Bg5 g6 3.Bxf6 exf6 4.g3 Bg7 5.Bg2 f5 6.e3 O-O 7.Ne2 d6 8.O-O Nd7
9.c4 c6 10.Nbc3 Re8 11.b4 Nf6 12.Qd3 a6 13.a4 d5 14.cxd5 cxd5 15.Nf4 Be6
16.a5 Qd6 17.Rfb1 g5 18.Nfe2 Bh6 19.Na4 f4 20.exf4 gxf4 21.Nc5 fxg3 22.hxg3 Bd7
23.Nc3 Bc6 24.b5 axb5 25.Nxb5 Qd8 26.a6 bxa6 27.Nxa6 Bxb5 28.Qxb5 Ne4 29.Nc7 Qxc7
30.Rxa8 Rxa8 31.Qxd5 Rb8 32.Rxb8+ Qxb8 33.Bxe4 Bg7 34.Qd7 Kf8  1-0

[Event "Czech Open G Rapid"]
[Site "Pardubice CZE"]
[Date "2011.07.21"]
[Round "7.12"]
[White "Chernyshov,K"]
[Black "Belyakov,B"]
[Result "1-0"]
[WhiteElo "2552"]
[BlackElo "2367"]

1.d4 Nf6 2.Bg5 c5 3.Bxf6 gxf6 4.c3 Qb6 5.Qd2 Bg7 6.e3 f5 7.Na3 f4 8.Nc4 Qc7
9.exf4 cxd4 10.cxd4 Nc6 11.Nf3 O-O 12.Rc1 d5 13.Nce5 Qd6 14.Bb5 Nxe5 15.dxe5 Qg6
16.O-O Bh6 17.g3 Bh3 18.Rfe1 e6 19.Bd3 Qh5 20.Be2 Bg4 21.Nd4 Rac8 22.f3 Bh3
23.Bd3 Kh8 24.Qe3 b6 25.Ne2 Rg8 26.b4 Rcf8 27.Rc7 Rg7 28.Rec1 Rfg8 29.Qf2 Qh4
30.Kh1 Qd8 31.Rxa7 d4 32.Rcc7 Qd5 33.Rxf7 Qc6 34.Rxg7 Bxg7 35.Ng1 Qc1 36.Qxd4 Rc8
37.Qd7 Rg8 38.Qf7 Qd2 39.Nxh3 Qxd3 40.Ng1 Qc4 41.f5  1-0

[Event "16th Balaguer Open"]
[Site "Balaguer ESP"]
[Date "2011.07.23"]
[Round "7"]
[White "Juan Bartroli,Pau"]
[Black "Casas Torres,Pau"]
[Result "1-0"]
[WhiteElo "1860"]
[BlackElo "1603"]

1.d4 Nf6 2.Bg5 g6 3.Bxf6 exf6 4.Nf3 f5 5.e3 Bg7 6.c4 d6 7.Nc3 Nd7 8.Bd3 O-O
9.h4 Nf6 10.Qc2 Re8 11.O-O-O a6 12.h5 Nxh5 13.Rxh5 gxh5 14.Rh1 c6 15.Rxh5 Qf6
16.Nh4 h6 17.Nxf5 Bxf5 18.Bxf5 Qe7 19.g4 Rad8 20.Qd1 d5 21.Qh1 dxc4 22.g5 hxg5
23.Rh8+  1-0

[Event "COQ Invitational"]
[Site "Montreal CAN"]
[Date "2011.07.23"]
[Round "1"]
[White "Cheng,Bi"]
[Black "Tessier Desrosiers,O"]
[Result "1-0"]
[WhiteElo "2385"]
[BlackElo "2086"]

1.d4 Nf6 2.Bg5 c5 3.d5 Ne4 4.Bf4 d6 5.f3 Nf6 6.e4 g6 7.c4 b5 8.cxb5 Bg7 9.Qd2 a6
10.Nc3 Bd7 11.bxa6 Nxa6 12.Bc4 Qa5 13.Nge2 O-O 14.O-O Rfb8 15.a4 Nc7 16.Kh1 Nh5
17.Bg5 Rb4 18.b3 e6 19.Rad1 e5 20.f4 exf4 21.Bxf4 Nxf4 22.Qxf4 Be8 23.Qxd6 Na6
24.Qg3 Nb8 25.e5 Nd7 26.e6 Ne5 27.d6 Nxc4 28.bxc4 fxe6 29.d7 Rxc4 30.Qf3 Qa7
31.Qxa8  1-0

[Event "Sparkassen Open A"]
[Site "Dortmund GER"]
[Date "2011.07.24"]
[Round "2.23"]
[White "Eigemann,Frederik"]
[Black "Kuznetsov,Mar"]
[Result "1-0"]
[WhiteElo "1976"]
[BlackElo "2184"]

1.d4 Nf6 2.Bg5 d5 3.Bxf6 gxf6 4.e3 c6 5.c4 Qb6 6.Qb3 dxc4 7.Bxc4 Qxb3 8.Bxb3 Rg8
9.g3 Na6 10.Nc3 Bg4 11.Nge2 Bf3 12.O-O e6 13.Bc4 Nc7 14.Nf4 Bd6 15.Be2 Bxe2
16.Nfxe2 f5 17.Kg2 O-O-O 18.Rab1 Nd5 19.Rfc1 Kd7 20.a3 Nf6 21.Na4 Ne4 22.Rc2 b5
23.Nac3 Rb8 24.Nc1 Nxc3 25.Rxc3 b4 26.axb4 Rxb4 27.Ra1 Ra8 28.Nd3 Rb5 29.Rac1 Rc8
30.Kf3 f6 31.R1c2 e5 32.dxe5 fxe5 33.e4 fxe4+ 34.Kxe4 Rd5 35.Rc4 a5 36.R2c3 h5
37.h4 Rg8 38.Ke3 Rc8 39.Ke4 Rg8 40.Rxc6 Rg4+ 41.Ke3 e4 42.Nf4 Rb5 43.Rc2 Bxf4+
44.gxf4 Rxh4 45.Kxe4 Rxb2 46.Rc7+ Kd8 47.Rc8+ Kd7 48.Rxb2 Kxc8 49.Ra2 Kd7
50.Rxa5 Ke6 51.Ra6+ Ke7 52.Kf5 Rh2 53.Rh6 h4 54.f3 Rh3 55.Kg4 Rg3+ 56.Kxh4 Rxf3
57.Kg5 Rg3+ 58.Kf5 Rf3 59.Rh7+ Kf8 60.Ke5 Kg8 61.Ra7  1-0

[Event "III Corporation Cup A"]
[Site "Izhevsk RUS"]
[Date "2011.07.24"]
[Round "9"]
[White "Chernyuk,Mikhail"]
[Black "Pushin,V"]
[Result "1-0"]
[WhiteElo "2263"]
[BlackElo "2430"]

1.d4 Nf6 2.Bg5 c5 3.d5 Qb6 4.Nc3 h6 5.Bd2 d6 6.e4 g5 7.Nge2 Nbd7 8.a4 Ne5
9.a5 Qc7 10.Ng3 Bd7 11.Bb5 Bxb5 12.Nxb5 Qd7 13.Qe2 Ng6 14.O-O Ng4 15.Nh5 N4e5
16.a6 b6 17.c4 Rg8 18.Kh1 Bg7 19.f3 Kd8 20.g3 Qh3 21.f4 Ng4 22.Nxg7 Rxg7
23.Bc3 f6 24.e5 gxf4 25.gxf4 Nh4 26.exf6 Nxf6 27.Bxf6 exf6 28.Rae1 Kd7 29.f5 Rag8
30.Qe6+ Kd8 31.Qxd6+ Kc8 32.Qc6+ Kd8 33.Qa8+ Kd7 34.Qb7+ Kd8 35.Qb8+  1-0

[Event "11th Condino Open"]
[Site "Condino ITA"]
[Date "2011.07.26"]
[Round "2"]
[White "De Santis,A"]
[Black "Garonzi,M"]
[Result "1/2-1/2"]
[WhiteElo "2305"]
[BlackElo "2002"]

1.d4 Nf6 2.Bg5 g6 3.Bxf6 exf6 4.e3 Bg7 5.Nf3 O-O 6.Nbd2 f5 7.g3 d6 8.Bg2 Nd7
9.O-O Nf6 10.c4 Re8 11.b4 Ne4 12.a4 c5 13.a5 Be6 14.a6 b6 15.Rc1 Rc8 16.d5 Bd7
17.b5 Nc3 18.Qe1 Qf6 19.Kh1 Na2 20.Rb1 Nb4 21.Rb3 Re7 22.Qb1 Rce8 23.Rxb4 cxb4
24.Qxb4 f4 25.gxf4 Qb2 26.Qxb2 Bxb2 27.Rb1 Bf6 28.e4 Rxe4 29.Nxe4 Rxe4 30.Ne5 Bf5
31.Bxe4 Bxe4+ 32.f3 Bxb1 33.Nc6 Kg7 34.Nxa7 Bf5 35.Nc6 Bc8 36.Na7 Bd7 37.Nc6 Bc8
38.Kg2 Kf8 39.Na7 Bd7 40.Nc6 Bc8 41.Na7 Bd7 42.Nc6 Bc8  1/2-1/2

[Event "98th ch-GBR"]
[Site "Sheffield ENG"]
[Date "2011.07.27"]
[Round "3.34"]
[White "Constantinou,Pe"]
[Black "Hegarty,S"]
[Result "1-0"]
[WhiteElo "2292"]
[BlackElo "2065"]

1.d4 Nf6 2.Bg5 g6 3.Bxf6 exf6 4.c4 d5 5.cxd5 Qxd5 6.Nc3 Qa5 7.e3 Bg7 8.Nf3 O-O
9.Nd2 c6 10.Be2 f5 11.g3 Be6 12.Bf3 Nd7 13.O-O Rad8 14.Qc2 Qb4 15.a3 Qe7
16.b4 Nf6 17.Rfc1 Rc8 18.Rab1 Rfd8 19.Ne2 Bd5 20.Qc5 Qd7 21.Nf4 Bxf3 22.Nxf3 Ne4
23.Qc4 Re8 24.Rc2 Qe7 25.Nd3 Kh8 26.Nc5 Bh6 27.Qb3 f6 28.Kg2 g5 29.a4 b6
30.Nd3 g4 31.Nd2 Bxe3 32.fxe3 Nxd2 33.Rxd2 Qxe3 34.Rf2 Qe4+ 35.Kg1 Qxd4 36.Nf4 Re3
37.Qd1 Qe4 38.Qc2 Re1+ 39.Rxe1 Qxe1+ 40.Kg2 Qe4+ 41.Qxe4 fxe4 42.Ne6 h6 43.Rxf6 Re8
44.Kf2 a5 45.bxa5 bxa5 46.Rf8+ Rxf8+ 47.Nxf8 Kg7 48.Ne6+ Kf6 49.Nd8 c5 50.Nc6 Ke6
51.Nxa5 Kd5 52.Ke3  1-0

[Event "COQ Invitational"]
[Site "Montreal CAN"]
[Date "2011.07.28"]
[Round "7"]
[White "Cheng,Bi"]
[Black "Macak,S"]
[Result "1-0"]
[WhiteElo "2385"]
[BlackElo "2391"]

1.d4 Nf6 2.Bg5 c5 3.d5 Ne4 4.Bf4 Qb6 5.Bc1 e6 6.f3 Nf6 7.c4 exd5 8.cxd5 Bd6
9.e4 O-O 10.Na3 Na6 11.Nc4 Qc7 12.Ne2 b5 13.Nxd6 Qxd6 14.Bf4 Qb6 15.Nc3 b4
16.Na4 Qa5 17.b3 Re8 18.Qd2 Bb7 19.Bc4 d6 20.O-O Qc7 21.Bb5 Red8 22.Rfe1 Qa5
23.Bf1 Nc7 24.a3 Ba6 25.axb4 cxb4 26.Nb2 Qb6+ 27.Be3 Qb7 28.Ra4 Bxf1 29.Rxf1 Na6
30.Rfa1 Nc5 31.Rxb4 Qc7 32.Qc3 Nfd7 33.Nc4 a5 34.Rb5 a4 35.Nd2 axb3 36.Rxa8 Rxa8
37.Nxb3 Rc8 38.Nd4 f6 39.Nc6 Ra8 40.h3 h6 41.Qc1 Kh7 42.Qc2 Kh8 43.Bf4 Na4
44.Qc4 Kh7 45.Kh2 Kh8 46.Qb4 Nac5 47.Qc3 Na4 48.Qc1 Kh7 49.Ne7 Ndc5 50.Nf5 Rd8
51.Rb4 Qa5 52.Qa3 Qa6 53.Bxd6 Rxd6 54.Rxa4 Qxa4 55.Qxa4 Nxa4 56.Nxd6 Nb2
57.Kg3 Kg8 58.Kf2 Nd3+ 59.Kf1 Nf4 60.h4 h5 61.g3 Nd3 62.Ke2 Nb4 63.Kd2 Kf8
64.f4 g6 65.Kc3 Na2+ 66.Kd4 Nc1 67.Ke3 Na2 68.Nb5 Nb4 69.Na3 f5 70.exf5 Nxd5+
71.Kd4 Ne7 72.fxg6 Kg7 73.Ke4 Kxg6 74.Nc4 Nf5 75.Kf3 Nd4+ 76.Ke3 Nf5+ 77.Kf2 Kf6
78.Ne3 Nd4 79.g4 hxg4 80.Kg3 Nb5 81.Kxg4 Nd6 82.f5 Ke5 83.Kg5 Ke4 84.Kg6 Kxe3
85.f6 Kf4 86.h5 Ke5 87.f7  1-0

[Event "Czech GM Open A"]
[Site "Pardubice CZE"]
[Date "2011.07.28"]
[Round "7.90"]
[White "Kireev,Al"]
[Black "Netzer,Ja"]
[Result "1-0"]
[WhiteElo "2360"]
[BlackElo "2261"]

1.d4 Nf6 2.Bg5 c5 3.Bxf6 gxf6 4.c3 Qb6 5.Qb3 d5 6.e3 Nc6 7.Nd2 e5 8.Ngf3 Be6
9.Be2 Rg8 10.g3 O-O-O 11.Qxb6 axb6 12.a3 Bd6 13.b4 Kc7 14.O-O-O Ra8 15.Kb2 Ra7
16.Ra1 f5 17.Nb3 c4 18.dxe5 Nxe5 19.Nbd4 Bd7 20.Nxe5 Bxe5 21.Rhd1 f4 22.exf4 Bf6
23.Bf3 Re8 24.Rd2 Re7 25.Rad1 Ba4 26.Rc1 Bd7 27.Bxd5 Bxd4 28.Rxd4 b5 29.Be4 Ra8
30.h4 h5 31.Bf3 Bg4 32.Bxg4 hxg4 33.Rc2 Kc6 34.Rcd2 Rae8 35.f5 Re2 36.Kc2 Re1
37.Rd1 R1e2+ 38.R4d2 R2e5 39.Rd6+ Kc7 40.Rd7+ Kb6 41.Rxf7 Re2+ 42.Rd2 Re1
43.Rf6+ Kc7 44.Re6 R8xe6 45.fxe6 Rxe6 46.Kd1 b6 47.Re2 Rd6+ 48.Ke1 Kc6 49.Re3 Kd5
50.Ke2 Rd7 51.f3 gxf3+ 52.Kxf3 Rf7+ 53.Kg2 Rg7 54.Kh3 Rf7 55.g4 Rf1 56.g5 Rg1
57.Rg3 Rh1+ 58.Kg4 Ke4 59.g6 Rf1 60.g7 Rf5 61.g8=Q Rg5+ 62.Kxg5  1-0

[Event "XXXVII Open"]
[Site "Sitges ESP"]
[Date "2011.07.30"]
[Round "9"]
[White "Moskalenko,V1"]
[Black "Phadke,So1"]
[Result "1/2-1/2"]
[WhiteElo "2591"]
[BlackElo "2252"]

1.d4 Nf6 2.Bg5 d5 3.e3 g6 4.Bxf6 exf6 5.g3 c6 6.Bg2 Nd7 7.Ne2 f5 8.b3 Nf6
9.O-O Bd6 10.c4 Be6 11.Qc2 h5 12.cxd5 Bxd5 13.Bxd5 cxd5 14.Nbc3 a6 15.b4 h4
16.Qb3 Bc7 17.b5 hxg3 18.hxg3 f4 19.bxa6 Rxa6 20.Nxf4 Bxf4 21.exf4 Qd7 22.Rfe1+ Kf8
23.Qd1 Qh3 24.Qf3 Ra3 25.Rac1 Ne4 26.Rxe4 Qh2+  1/2-1/2

[Event "Politiken Cup"]
[Site "Helsingor DEN"]
[Date "2011.07.31"]
[Round "2.74"]
[White "Rasmussen,Jonas H"]
[Black "Hansen,Ro"]
[Result "0-1"]
[WhiteElo "1598"]
[BlackElo "1918"]

1.d4 Nf6 2.Bg5 d5 3.e3 Nbd7 4.Bd3 g6 5.Nd2 Bg7 6.c3 c5 7.b3 O-O 8.Ngf3 Re8
9.O-O e5 10.dxe5 Nxe5 11.Nxe5 Rxe5 12.Nf3 Bg4 13.Bf4 Re8 14.h3 Bxf3 15.Qxf3 Ne4
16.Rac1 Nd2 17.Qd1 Nxf1 18.Bxf1 a6 19.Be2 d4 20.cxd4 cxd4 21.Bf3 dxe3 22.Bxe3 Qxd1+
23.Rxd1 Rad8 24.Rxd8 Rxd8 25.Bxb7 Rd1+ 26.Kh2 a5 27.Ba6 h5 28.a4 Be5+ 29.g3 h4
30.Kg2 hxg3 31.fxg3 Bc7 32.Bc4 Kg7 33.Kf3 f6 34.h4 Re1 35.Kf2 Bxg3+ 36.Kxg3 Rxe3+
37.Kg4 f5+ 38.Kf4 Rh3 39.Kg5 Rg3+ 40.Kf4 Rg4+ 41.Kf3 Rxh4 42.Kg3 g5 43.Bf1 Kf6
44.Be2 f4+ 45.Kf3 Rh3+ 46.Kg4 Rg3+ 47.Kh5 Rxb3 48.Bb5 Rg3 49.Ba6 f3 50.Bd3 f2
51.Bf1 Rg1 52.Be2 f1=Q 53.Bxf1 Rxf1 54.Kg4 Rf4+ 55.Kg3 Kf5 56.Kh3 Rg4 57.Kh2 Kf4
58.Kh3 Kf3 59.Kh2 Kf2 60.Kh3 Rh4+  0-1

[Event "Pays de Charleroi Open"]
[Site "Charleroi BEL"]
[Date "2011.08.01"]
[Round "3.20"]
[White "Vanhee,F"]
[Black "Bruno,Rica"]
[Result "0-1"]
[WhiteElo "1984"]
[BlackElo "1954"]

1.d4 Nf6 2.Bg5 c5 3.d5 Qb6 4.Nc3 Qxb2 5.Bd2 Qb6 6.e4 d6 7.f4 e5 8.Nf3 Bg4
9.Rb1 Qc7 10.h3 Bxf3 11.Qxf3 a6 12.a4 exf4 13.Bxf4 Nbd7 14.Be2 Ne5 15.Bxe5 dxe5
16.O-O Bd6 17.Nd1 O-O 18.Ne3 Rfb8 19.Qg3 Nxe4 20.Qg4 Nc3 21.Rbe1 Nxe2+ 22.Rxe2 Kh8
23.Nf5 f6 24.Re4 Rf8 25.Qe2 g6 26.Nh4 f5  0-1

[Event "Politiken Cup"]
[Site "Helsingor DEN"]
[Date "2011.08.01"]
[Round "4"]
[White "Frisvold,O"]
[Black "Andersen,Mad"]
[Result "0-1"]
[WhiteElo "1983"]
[BlackElo "2422"]

1.d4 Nf6 2.Bg5 c5 3.d5 Qb6 4.Nc3 Qxb2 5.Bd2 Qb6 6.Rb1 Qd8 7.e4 e5 8.f4 d6
9.f5 h5 10.Nf3 a6 11.a4 Nbd7 12.Bd3 Be7 13.O-O Nh7 14.Qc1 Qc7 15.Nd1 c4 16.Be2 Nc5
17.Rb4 Nxe4 18.Rxc4 Nc5 19.Ne3 Bd7 20.Qa1 b5 21.Rc3 b4 22.Rc4 a5 23.c3 b3
24.g4 hxg4 25.Rxg4 Kf8 26.Bb5 Bxb5 27.axb5 Nf6 28.Rg2 Qb7 29.c4 Bd8 30.Qa3 Bb6
31.Kh1 a4 32.Rfg1 Rh7 33.Ng4 Nfe4 34.Bb4 Rh5 35.Ne3 f6 36.Nd2 Nxd2 37.Rxd2 Qc7
38.Rdg2 Ra7 39.Ng4 Rxf5 40.Qb2 Rg5 41.Rf1 Nd3 42.Qd2 Nf4 43.Rxf4 exf4 44.Qxf4 Bc5
45.Nxf6 Rxg2 46.Nh7+ Kg8 47.Kxg2 Qf7 48.Qg4 Qf2+ 49.Kh3 Qe3+ 50.Kg2 Kxh7
51.Bxc5 dxc5 52.Qh4+ Qh6 53.Qd8 Qg6+ 54.Kh3 b2  0-1

[Event "Politiken Cup"]
[Site "Helsingor DEN"]
[Date "2011.08.02"]
[Round "5.53"]
[White "Schultz Pedersen,J"]
[Black "Preuss,F"]
[Result "1-0"]
[WhiteElo "2177"]
[BlackElo "1991"]

1.d4 Nf6 2.Bg5 d5 3.Bxf6 exf6 4.e3 c6 5.c4 dxc4 6.Bxc4 Be6 7.Bxe6 Qa5+ 8.Nc3 fxe6
9.Qb3 Qc7 10.Qxe6+ Be7 11.Nf3 Qd7 12.Qxd7+ Kxd7 13.Ke2 Na6 14.Rhd1 Nc7 15.d5 cxd5
16.Nxd5 Nxd5 17.Rxd5+ Ke6 18.Rb5 Rab8 19.Rc1 Kd7 20.Rd1+ Kc7 21.Nd4 a6 22.Rb3 b5
23.Ne6+ Kb6 24.Rd7 Rb7 25.Rbd3 Rhb8 26.Nxg7 Ba3 27.bxa3  1-0

[Event "Politiken Cup"]
[Site "Helsingor DEN"]
[Date "2011.08.02"]
[Round "5.24"]
[White "Nielsen,Mi2"]
[Black "Giffard,N"]
[Result "1/2-1/2"]
[WhiteElo "2170"]
[BlackElo "2342"]

1.d4 Nf6 2.Bg5 d5 3.Bxf6 exf6 4.e3 Bd6 5.Nf3 Qe7 6.c4 dxc4 7.Bxc4 O-O 8.O-O c6
9.Nc3 b5 10.Bd3 b4 11.Ne4 Bc7 12.Qc2 f5 13.Ned2 g6 14.Rac1 Bd7 15.Rfe1 Rc8
16.e4 fxe4 17.Bxe4 Qf8 18.Bd3 Bf4 19.Bc4 Bf5 20.Bd3 Bg4 21.Re4 Bxf3 22.Rxf4 Bd5
23.h4 Nd7 24.h5 Qh6 25.Rh4 Nf6 26.Re1 Nxh5 27.Ne4 Kh8 28.Bc4 Re8 29.Re3 Re6
30.Rhh3 Qg7 31.Ng5 Rxe3 32.Rxe3 Qxd4 33.Nxf7+ Bxf7 34.Bxf7 c5 35.Qe2 Nf6
36.Rd3 Qf4 37.Rf3 Qc1+ 38.Kh2 Qh6+ 39.Kg1 Ng4 40.Rh3 Qc1+ 41.Qf1 Qxf1+ 42.Kxf1 Rf8
43.Bxg6 Rxf2+ 44.Ke1 Rxb2 45.Rxh7+ Kg8 46.Rxa7 Ne3 47.Rc7 Rxg2 48.Bf7+ Kf8
49.Bb3 Rg5 50.Kd2 Re5 51.Kd3 Ke8 52.Ra7 Kd8 53.Rh7 Nf5 54.Ba4 Ne3 55.Bb3 Kc8
56.Ra7 Nf5 57.Rh7 Nd6 58.Rh6 Kc7 59.Rh7+ Kc6 60.Rh6 Rg5 61.Ba4+ Kd5 62.Rh3 c4+
63.Kc2 Rg2+ 64.Kb1 Rd2 65.a3 bxa3 66.Rxa3 Ne4 67.Kc1 Rh2 68.Bb3 Nc3 69.Bxc4+ Kxc4
70.Ra8 Na2+ 71.Kd1 Nb4 72.Rd8 Nc2 73.Rc8+ Kd3 74.Rd8+ Nd4 75.Kc1 Rc2+ 76.Kb1 Rc6
77.Rh8 Rb6+ 78.Ka2 Nc2 79.Rh3+ Ne3 80.Rh8 Nc4 81.Rh3+ Kc2 82.Rh2+ Nd2 83.Ka3  1/2-1/2

[Event "Pays de Charleroi Open"]
[Site "Charleroi BEL"]
[Date "2011.08.03"]
[Round "6.2"]
[White "Cools,G"]
[Black "Le Quang,K"]
[Result "0-1"]
[WhiteElo "2230"]
[BlackElo "2319"]

1.d4 Nf6 2.Bg5 c5 3.d5 Qb6 4.Nc3 Qxb2 5.Bd2 Qb6 6.e4 e5 7.Rb1 Qd8 8.f4 d6
9.Nf3 Nbd7 10.a4 a6 11.Bc4 Be7 12.O-O Qc7 13.Qe2 exf4 14.Bxf4 Ne5 15.Bxe5 dxe5
16.d6 Qxd6 17.Rbd1 Qc7 18.Ng5 Rf8 19.Rxf6 Bxf6 20.Nd5 Qc6 21.Nxh7 Be6 22.Qh5 O-O-O
23.Nhxf6 Kb8 24.Qxe5+ Ka7 25.Nh7 f6 26.Qg3 Rf7 27.a5 Rfd7 28.Rb1 Bg8 29.Nhxf6 gxf6
30.Qf2 Rc8 31.h4 Rg7 32.Rb6 Qa4 33.Qxf6 Rxg2+ 34.Kxg2 Qxc2+ 35.Kg3 Qxc4 36.Ne3 Qxe4
37.Nf5 Bd5 38.Nd6 Rg8+ 39.Kf2 Rg2+  0-1

[Event "Politiken Cup"]
[Site "Helsingor DEN"]
[Date "2011.08.03"]
[Round "6.127"]
[White "Rasmussen,Jonas H"]
[Black "Hjornevik,A"]
[Result "1-0"]
[WhiteElo "1598"]
[BlackElo "1835"]

1.d4 d5 2.Bg5 Nf6 3.e3 e6 4.Bd3 c5 5.c4 dxc4 6.Bxc4 cxd4 7.exd4 Qa5+ 8.Bd2 Bb4
9.Nf3 Nc6 10.a3 Bxd2+ 11.Nbxd2 b5 12.b4 Qb6 13.Be2 O-O 14.O-O Bb7 15.Nb3 a6
16.Qc2 Rac8 17.Qd3 Rfd8 18.Rad1 e5 19.Qd2 exd4 20.Nfxd4 Nxd4 21.Nxd4 Ne4
22.Qb2 Nc3 23.Nf5 Qf6 24.Rxd8+ Rxd8 25.Ne3 Nxe2+ 26.Qxe2 Re8 27.Re1 Qc3 28.Rd1 Qxa3
29.Nc2 Kf8 30.Qxe8+  1-0

[Event "98th ch-GBR"]
[Site "Sheffield ENG"]
[Date "2011.08.03"]
[Round "9.5"]
[White "Wells,P"]
[Black "Zhou,Y"]
[Result "1-0"]
[WhiteElo "2489"]
[BlackElo "2444"]

1.d4 Nf6 2.Bg5 c5 3.Bxf6 gxf6 4.d5 Qb6 5.Qc1 f5 6.g3 d6 7.Nd2 Nd7 8.Bg2 Bh6
9.e3 Qa5 10.Nf3 c4 11.Nd4 Nb6 12.c3 e5 13.dxe6 fxe6 14.a4 Qc5 15.a5 Nd5 16.Qd1 Kf8
17.O-O Nf6 18.a6 Rb8 19.axb7 Bd7 20.Ra6 Qc7 21.Rc6 Qxb7 22.Rxd6 Qxb2 23.Nxf5 exf5
24.Rxf6+ Kg7 25.Nxc4 Qxc3 26.Qxd7+ Kxf6 27.Qd6+  1-0

[Event "Politiken Cup"]
[Site "Helsingor DEN"]
[Date "2011.08.04"]
[Round "7.51"]
[White "Fisher,William"]
[Black "Hyldkrog,L"]
[Result "1-0"]
[WhiteElo "2178"]
[BlackElo "2038"]

1.d4 Nf6 2.Bg5 d5 3.Bxf6 exf6 4.e3 Bd6 5.c4 c6 6.Nc3 Be6 7.c5 Bc7 8.Bd3 b6
9.b4 a5 10.cxb6 Bxb6 11.b5 O-O 12.a4 c5 13.Nge2 Bg4 14.dxc5 Bxc5 15.Nxd5 Nd7
16.Qc2 Ne5 17.Bxh7+ Kh8 18.Qxc5 Kxh7 19.Qd4 Rc8 20.Rc1 Qd6 21.f4 Rxc1+ 22.Nxc1 Rc8
23.Kf2 Rc4 24.fxe5 Rxd4 25.exd6 Rxd5 26.Nb3 Rxd6 27.Rb1 Bd1 28.Nc5 Bc2 29.Rb2 Bf5
30.b6 Bc8 31.b7 Bxb7 32.Nxb7 Rd3 33.Nxa5 Ra3 34.Rb4 Kg8 35.Nc6 g6 36.a5 Kf8
37.Rb8+ Kg7 38.Rb6 Kf8 39.a6 Ke8 40.a7 Kd7 41.Rb8 Ra2+ 42.Kf3  1-0

[Event "Politiken Cup"]
[Site "Helsingor DEN"]
[Date "2011.08.04"]
[Round "7.53"]
[White "Nielsen,Mi2"]
[Black "Preuss,F"]
[Result "1-0"]
[WhiteElo "2170"]
[BlackElo "1991"]

1.d4 Nf6 2.Bg5 d5 3.Bxf6 exf6 4.e3 c6 5.c4 dxc4 6.Bxc4 Be6 7.Bxe6 fxe6 8.Nc3 Qd7
9.Qb3 Na6 10.Nge2 Bd6 11.O-O O-O-O 12.Rac1 Kb8 13.Rfd1 Rhe8 14.Ne4 Bf8 15.Nf4 Ka8
16.a3 Nc7 17.Qa4 Nd5 18.Nd3 Nb6 19.Qc2 Qd5 20.Nec5 e5 21.Nb4 Qf7 22.Nxb7 Qxb7
23.Nxc6 Rc8 24.d5 Bd6 25.b4 e4 26.b5 Nd7 27.Qb3 Ne5 28.a4 Nd3 29.Rb1 Bxh2+
30.Kxh2 Nxf2 31.Rd2 Nd3 32.d6 Rxc6 33.bxc6 Qxc6 34.Qf7 Qxd6+ 35.Kg1 Rb8 36.Rxb8+ Kxb8
37.Qe8+ Kb7 38.Qxe4+  1-0

[Event "Olomouc FIDE Open"]
[Site "Olomouc CZE"]
[Date "2011.08.04"]
[Round "1.5"]
[White "Kireev,Al"]
[Black "Trunda,O"]
[Result "1-0"]
[WhiteElo "2360"]
[BlackElo "1902"]

1.d4 Nf6 2.Bg5 g6 3.Bxf6 exf6 4.e3 Bg7 5.h4 c5 6.dxc5 Qa5+ 7.c3 Qxc5 8.Nd2 O-O
9.Ne4 Qb6 10.Qd2 d5 11.Ng3 Nc6 12.Nf3 Re8 13.Be2 Be6 14.Nd4 Rad8 15.O-O f5
16.Rad1 h5 17.Rfe1 Bf6 18.Nf3 Ne5 19.Nxe5 Bxe5 20.Nf1 Bf6 21.g3 d4 22.exd4 Bxa2
23.Bf3 Bb3 24.Ra1 a6 25.Bg2 Qb5 26.f4 Bd5 27.Bxd5 Qxd5 28.Qg2 Qb3 29.Nh2 Kf8
30.Nf3 Re6 31.Rxe6 fxe6 32.Re1 Rd6 33.Ne5 Bxe5 34.fxe5 Rb6 35.Re2 Kf7 36.Rd2 Ke7
37.Qf2 Kf7 38.Qe3 Qa2 39.b4 Qc4 40.d5 Rb5 41.d6 Rd5 42.Qh6 Rd3 43.Qh7+ Kf8
44.Qh8+ Kf7 45.Qf6+ Kg8 46.Qxg6+ Kf8 47.Qf6+ Kg8 48.Qg5+ Kf8 49.d7 Qe4 50.d8=R+  1-0

[Event "50th World Juniors"]
[Site "Chennai IND"]
[Date "2011.08.05"]
[Round "4.37"]
[White "Soors,S"]
[Black "Navalgund,N"]
[Result "1-0"]
[WhiteElo "2353"]
[BlackElo "2188"]

1.d4 Nf6 2.Bg5 c5 3.d5 Qb6 4.Nc3 Qxb2 5.Bd2 Qb6 6.e4 e5 7.f4 d6 8.f5 h5 9.Nf3 Be7
10.Bc4 Nbd7 11.Qe2 Qc7 12.a4 Nb6 13.Bb5+ Bd7 14.a5 Nc8 15.a6 bxa6 16.Bxd7+ Nxd7
17.Qxa6 Ndb6 18.Qb5+ Qd7 19.Ke2 Bd8 20.Rhb1 g6 21.fxg6 fxg6 22.Bg5 Rf8 23.h4 Be7
24.Ra6 Kd8 25.Qxd7+ Kxd7 26.Nb5 Bd8 27.Bxd8 Kxd8 28.Ng5 Rf6 29.g3 Kd7 30.Rba1 Ke7
31.Ne6 Rf7 32.Ng5 Rf8 33.R6a3 Nc4 34.Ra6 N4b6 35.R6a2 Nd7 36.Ne6 Rg8 37.Kf3 Ndb6
38.Ra6 Rh8 39.R1a2 Rh7 40.Ng5 Rh8 41.Ke2 Rf8 42.Ra1 Rf6 43.Rb1 Rf8 44.Nxa7 Rxa7
45.Rxa7+ Nxa7 46.Rxb6 Rd8 47.Ne6 Rd7 48.Rb8 Kf6 49.c4 Re7 50.Rf8+ Rf7 51.Rd8 Ke7
52.Rb8 Kf6 53.Ng5 Rd7 54.Kd3 Ke7 55.Rg8 Kf6 56.Rb8 Ke7 57.Ne6 Kf6 58.Kc3 Re7
59.Ng5 Rd7 60.Kb3 Ke7 61.Ne6 Kf6 62.Ka4 Re7 63.Ng5 Rc7 64.Rf8+  1-0

[Event "Politiken Cup"]
[Site "Helsingor DEN"]
[Date "2011.08.05"]
[Round "8.89"]
[White "Kopperberg,Steen"]
[Black "Sorensen,D"]
[Result "1/2-1/2"]
[WhiteElo "1782"]
[BlackElo "1993"]

1.d4 Nf6 2.Bg5 g6 3.Bxf6 exf6 4.Nf3 Bg7 5.c3 d5 6.Nbd2 O-O 7.e3 f5 8.g3 b6
9.Qc2 Nd7 10.Bb5 Bb7 11.O-O-O c6 12.Be2 Nf6 13.h4 Ng4 14.Rdf1 c5 15.Nh2 Nf6
16.Kb1 Rc8 17.Qd1 h5 18.Nhf3 Ne4 19.Nxe4 dxe4 20.Ng5 Bf6 21.Nh3 cxd4 22.cxd4 Bd5
23.Nf4 Bg7  1/2-1/2